000 00440nam a2200181Ia 4500
001 12866
005 20260306163012.0
008 260306t1997||||xx |||||||||||||| ||spa||
041 _aESP
082 _aRD 413.1
_bM26
100 _aMartínez de Sousa, José
_eAUT
245 0 _aDiccionario de redacción y estilo
260 _c1997
300 _a491 páginas :
_c22 cm.
650 _aGEN
654 _aCHU
942 _cDIC
_dJUS
_fJUS
_2ddc
_n
999 _c12866
_d12866